00726 2200313 4500001002100000005001500021035002000036008004100056245006300097100001300160260003000173300003000203084001600233082000800249650001400257990002200271990000900293990001000302990001000312990001000322990001000332990001000342990001000352990001000362990001000372990001000382990001000392990001000402INLIS00000000000267220250910074232 a0010-0425000028250910 0 ind 1 aEnsiklopedia,sahabatku: ensiklopedia untuk SMP /cSukarman aSukarman aJakarta :bRicardo,c2008 a154 hlm. ;c14,5 x 21 cm. aR 503 suk e a503 4aReferensi a186/R/SMPN7SBY/16 a7234 a13434 a25414 a13436 a25413 a25417 a13432 a25418 a13431 a25416 a13433 a25415